Mỹ thuật Trung Quốc

সংরক্ষণ করুন:
গ্রন্থ-পঞ্জীর বিবরন
প্রধান লেখক: Đặng Phúc Tinh
বিন্যাস: গ্রন্থ
ভাষা:Undetermined
প্রকাশিত: H. Thế Giới 2001
বিষয়গুলি:
ট্যাগগুলো: ট্যাগ যুক্ত করুন
কোনো ট্যাগ নেই, প্রথমজন হিসাবে ট্যাগ করুন!
Thư viện lưu trữ: Trung tâm Học liệu Trường Đại học Cần Thơ
LEADER 00523nam a2200181Ia 4500
001 CTU_54654
008 210402s9999 xx 000 0 und d
020 |b 52000 
082 |a 709.591 
082 |b T312 
100 |a Đặng Phúc Tinh 
245 0 |a Mỹ thuật Trung Quốc 
245 0 |c Đặng Phúc Tinh và Hoàng Lan; Bùi Hữu Hồng dịch 
260 |a H. 
260 |b Thế Giới 
260 |c 2001 
650 |a art, chinese 
980 |a Trung tâm Học liệu Trường Đại học Cần Thơ